Countries with the Most Work Hours - Statistics

General Stats
  • This quiz has been taken 783 times
  • The average score is 5 of 10
Answer Stats
Rank Country Hours per year per person % Correct
9. United States 1,824
96%
1. South Korea 2,423
65%
7. Mexico 1,848
64%
10. Australia 1,816
58%
8. New Zealand 1,826
44%
3. Poland 1,983
34%
5. Greece 1,925
28%
6. Hungary 1,925
25%
2. Czech Republic 1,986
24%
4. Slovakia 1,958
24%
No matching quizzes found
Score Distribution
Percent of People with Each Score
Percentile by Number Answered
Your Score History
You have not taken this quiz